000 00537nam a2200193Ia 4500
005 20250326142916.0
008 250326s9999 xx 000 0 und d
020 _a0-7494-3678-6
037 _aTextbook
040 _aFMSL
_beng
_cFMSL
041 _aeng
_2eng
084 _aX:513 P2
_qFMSL
100 _aBaskin M
_9746866
245 0 _aBrand new Brand Thinking
_cBaskin M; Earls M
260 _aUnited Kingdom
_bUnited Kingdom, Kogan Page
_c2002
300 _a212p
942 _cTB
_hX:513 P2
999 _c1297211
_d1297211